Архетипний аналіз романів Джоан Кетлін Роулінг "Гаррі Поттер" (Запис № 284943)

МАРК-запис
000 -LEADER
fixed length control field 01521nam a22001577a 4500
041 ## - LANGUAGE CODE
Language code of text/sound track or separate title ukr
080 ## - UNIVERSAL DECIMAL CLASSIFICATION NUMBER
Universal Decimal Classification number 09
090 ## - LOCALLY ASSIGNED LC-TYPE CALL NUMBER (OCLC); LOCAL CALL NUMBER (OCLC)
Local cutter number (OCLC) ; Book number/undivided call number, CALL (RLIN) ЧЕР
100 ## - MAIN ENTRY--PERSONAL NAME
Personal name Чернявка А.В.
245 ## - TITLE STATEMENT
Title Архетипний аналіз романів Джоан Кетлін Роулінг "Гаррі Поттер"
260 ## - PUBLICATION, DISTRIBUTION, ETC. (IMPRINT)
Place of publication, distribution, etc Острог
Name of publisher, distributor, etc КАФ
Date of publication, distribution, etc 2012
300 ## - PHYSICAL DESCRIPTION
Extent 91
520 ## - SUMMARY, ETC.
Summary, etc Розділ 1. "Дитяча" і "Доросла" літератури: проблеми трансформації.<br/>1.1 Феномен універсальної дитячої літератури.<br/>1.2 Жанрові відмінності: казка і фентезі.<br/>1.3 Понятійний апарат дослідження: психологічний і літературиний архетип<br/>1.4 Творчий задум "Гаррі Поттера", текстова і візуальна реалізації.<br/>Рзділ 2. Система образів і архетипів в романах про Гаррі Поттера.<br/>2.1 Композиція та сюжет циклу романів про Гаррі Поттера. <br/>2.2 Принцип створення системи персонажів.<br/>2.3 Архетип Дому.<br/>2.4 Архетип Дитини: інваріант міфу сходження бога-немовляти.<br/>2.5 Архетипи Тіні і Самотності: ініціація Гаррі Поттера.
-- феномен, казка,фнтезі
650 ## - SUBJECT ADDED ENTRY--TOPICAL TERM
Topical term or geographic name as entry element Research Papers
942 ## - ADDED ENTRY ELEMENTS (KOHA)
Koha item type Книги
Фонди
Withdrawn status Lost status Source of classification or shelving scheme Damaged status Not for loan Home library Current library Date acquired Source of acquisition Cost, normal purchase price Total Checkouts Full call number Barcode Date last seen Price effective from Koha item type
    Universal Decimal Classification     ВІЛ - Відділ іноземн. літератури НБ ВІЛ - Відділ іноземн. літератури НБ 18/09/2012 Акт №5 1.00   09 215019 10/11/2021 18/09/2012 Книги